Statistics for Motorcycle Brands By Picture

Click here to take the quiz!

General Stats

  • This quiz has been taken 591 times
  • The average score is 10 of 14

Answer Stats

Answer% Correct
Harley-Davidson
98%
Honda
98%
Yamaha
97%
BMW
94%
Kawasaki
93%
Suzuki
89%
Ducati
85%
KTM
78%
Aprilia
74%
Indian
73%
Triumph
58%
Royal Enfield
41%
Zero
14%
Bajaj
9%

Score Distribution

Percentile by Number Answered

Percent of People with Each Score

Your Score History

You have not taken this quiz